000 00646nam a2200229 a 4500
005 20140310183433.0
008 080111s19uu xx 00 eng d
020 _a0324361963
050 _aHB 615
_b.K87 2007
100 _aKuratko, Donald F.
245 _aEntrepreneurship :
_btheory, process, practice /
_cDonald F. Kuratko
250 _a7th ed.
260 _aU.S.A :
_bThomson South-Western,
_c2007.
300 _a757 p. :
_bcol. ill. ;
_c27 cm.
521 _aBSBA
650 _aNew business enterprises.
650 _aEntrepreneurship.
650 _aBusiness planning.
942 _cBK
_2lcc
_kFOR
999 _c22781
_d22781